Squatter's plight (Record no. 79417)

MARC details
000 -LEADER
fixed length control field 01383cab a22002055a 4500
001 - CONTROL NUMBER
control field L141058
008 - FIXED-LENGTH DATA ELEMENTS--GENERAL INFORMATION
fixed length control field 071025e20071019xxk f 000 0 eng d
035 ## - SYSTEM CONTROL NUMBER
System control number (Sirsi) u141058
041 0# - LANGUAGE CODE
Language code of text/sound track or separate title eng
100 1# - MAIN ENTRY--PERSONAL NAME
Personal name Gordon, Warren
245 00 - TITLE STATEMENT
Title Squatter's plight
260 ## - PUBLICATION, DISTRIBUTION, ETC.
Date of publication, distribution, etc. 2007
490 ## - SERIES STATEMENT
Series statement Property Week
Volume/sequential designation 72(42) 19 October 2007, 105(1)
520 ## - SUMMARY, ETC.
Summary, etc. Describes the case of SS Global and LPA Receivers of Delphis Bank v Sava. The defendant (S) claimed to have acquired most of a green belt of land in North London by adverse possession. He applied to the Land Registry for ownership. Their deputy adjudicator found for S. The appellant (G) appealed against that decision, arguing that the law was incorrectly applied. S had to prove that he had uninterrupted possession from a set date prior to his claim. Possession was defined as a sufficient degree of exclusive physical control of the land. He also needed to have demonstrated sufficient intention to possess. "Held": Upon appeal the High Court took an entirely different view of the evidence than the Land Registry adjudicator. The evidence of possession was unconvincing that S had demonstrated neither exclusive possession nor the intention to possess.
590 ## - LOCAL NOTE (RLIN)
Local note KA
650 24 - SUBJECT ADDED ENTRY--TOPICAL TERM
Topical term or geographic name entry element SS GLOBAL AND OTHERS V SAVA
651 #4 - SUBJECT ADDED ENTRY--GEOGRAPHIC NAME
Geographic name England and Wales
Chronological subdivision 1543-
690 ## - LOCAL SUBJECT ADDED ENTRY--TOPICAL TERM (OCLC, RLIN)
Topical term or geographic name as entry element PROPERTY-PROPERTY ACQUISITION AND DISPOSAL
942 ## - ADDED ENTRY ELEMENTS (KOHA)
Suppress in OPAC 0
Holdings
Withdrawn status Lost status Source of classification or shelving scheme Damaged status Not for loan Home library Current library Shelving location Date acquired Total Checkouts Full call number Barcode Date last seen Copy number Price effective from Koha item type
    Dewey Decimal Classification     London London Journal article 25/10/2007   L141058 141058-1001 06/08/2019 1 06/08/2019 Journal article